| 000 | 00630nam a2200229 a 4500 | ||
|---|---|---|---|
| 005 | 20140310183236.0 | ||
| 008 | 030421s19uu xx 00 eng d | ||
| 020 | _a9715131689 | ||
| 050 |
_aRT 69 _b.B311 2002 |
||
| 100 | _aThe Educational Publishing | ||
| 245 |
_aBasic Concepts in Nursing 100 / _cCompiled by the Educ'l. Pub., House Staff. |
||
| 260 |
_aManila, Philippines : _bEducational Publishing House, _c2002. |
||
| 300 |
_a173 p. : _c21 cm. |
||
| 521 | _aNUR | ||
| 650 | _aNursing 101. | ||
| 942 |
_cBK _2lcc _kLOC |
||
| 999 |
_c20559 _d20559 |
||